El crédito y los bancos (Registro nro. 2436)
[ vista simple ]
| 000 -LEADER | |
|---|---|
| fixed length control field | 01587 a2200217 4500 |
| 001 - CONTROL NUMBER | |
| control field | 34318 |
| 005 - DATE AND TIME OF LATEST TRANSACTION | |
| control field | 20260407155631.0 |
| 008 - FIXED-LENGTH DATA ELEMENTS--GENERAL INFORMATION | |
| fixed length control field | 260407a1968 arg spa d |
| 003 - CONTROL NUMBER IDENTIFIER | |
| control field | AR-UNSa-BCEJYS |
| 040 ## - CATALOGING SOURCE | |
| Original cataloging agency | AR-UNSa-BCEJYS |
| Language of cataloging | spa |
| Transcribing agency | AR-UNSa-BCEJYS |
| 080 ## - UNIVERSAL DECIMAL CLASSIFICATION NUMBER | |
| Universal Decimal Classification number | 336.7 |
| Common auxiliary subdivision | Moneda. Sistema monetario. Banca. Bolsa |
| 041 ## - LANGUAGE CODE | |
| Language code of text/sound track or separate title | spa |
| 100 1# - MAIN ENTRY--PERSONAL NAME | |
| Personal name | Tobar, José Maria |
| 245 10 - TITLE STATEMENT | |
| Title | El crédito y los bancos |
| 250 ## - EDITION STATEMENT | |
| Edition statement | 3a. ed |
| 264 #1 - PRODUCTION, PUBLICATION, DISTRIBUTION, MANUFACTURE, AND COPYRIGHT NOTICE | |
| Place of production, publication, distribution, manufacture | Bilbao : |
| Name of producer, publisher, distributor, manufacturer | Ediciones Deusto |
| Date of production, publication, distribution, manufacture, or copyright notice | 1968 |
| 300 ## - PHYSICAL DESCRIPTION | |
| Extent | 254 p. |
| Dimensions | 22 cm. |
| 505 ## - FORMATTED CONTENTS NOTE | |
| Formatted contents note | I. Ordenación del creédito y de la banca : 1. El banquero: sus orígene sy su evolución - 2. La ordenación bancaria española - 3. Ministerio de hacienda. Banco de españa. Instituto español de moneda extranjera - 4. La banca privada española - 5. Entidades oficiales de crédito - 6. Cjas de ahorro y cajas rurales - 7. La organización banacaria en el extranjero - II. Operaciones y servicios bancarios : 8. Relaciones entre banquero y sus clientes - 9. Depósitos de fondos y cuentas bancarias - 10. El cheque - 11. La transferencia. La carta de crédito. El acreditamiento - 12. La letra de cambio. El pagaré - 13. Servicios del banco en relación con valores - 14. Sinopsis de los medios de financiación de la empresa - 15. Generalidades sobre las operaciones de crédito - 16. El crédito a corto plazo - 17. Crédito de las cajas de ahorro - 18. El crédito oficial - 19. Los empréstitos en forma de obligaciones - 20. Cambio, comercio y financiación exterior - 21. Estímulos a la inversión |
| 590 ## - LOCAL NOTE (RLIN) | |
| Local note | niveau_biblio:m niveau_hierar:0 |
| 942 ## - ADDED ENTRY ELEMENTS (KOHA) | |
| Koha item type | |
| Withdrawn status | Lost status | Damaged status | Not for loan | Home library | Current library | Shelving location | Date acquired | Total checkouts | Full call number | Barcode | Date last seen | Price effective from | Koha item type |
|---|---|---|---|---|---|---|---|---|---|---|---|---|---|
| Biblioteca Prof. Eusebio Cleto del Rey | Biblioteca Prof. Eusebio Cleto del Rey | 07/04/2026 | 336.7 T628 | L21922 | 07/04/2026 | 07/04/2026 | Libro |